000 01253nam a22002657a 4500
003 PE SENCICO BE
005 20251020182645.0
008 231107b |||||||| |||| 00| 0 eng d
040 _aPE SENCICO BE
_cPE SENCICO BE
041 _aspa
084 _aI
_aRED
_a2018
_bU86
100 1 _91748
_aUrteaga de la Cruz, Yovanny Antonio
_eautor
245 1 _aHidrantes de emergencia en casos de sismos y sequias en el área de influencia de los distritos de Lima administrados por el centro de servicios Surquillo - EPS SEDAPAL /
_cYovanny Antonio Urteaga de la Cruz
260 _aLima :
_c2018
300 _a56 h. :
_bil. col., tabls., diagrs. ;
_c30 cm.
502 _aMonografía de Titulación.-- Servicio Nacional de Capacitación para la Industria de la Construcción. Escuela Superior Técnica. Carrera Profesional Técnica en Redes de Agua Potable y Agua Residual, 2018
650 1 0 _91749
_aHidrantes
650 2 0 _9887
_aDesastres naturales
650 2 0 _91750
_aAdministración de emergencias
650 2 0 _91751
_aSaneamiento de emergencias
650 2 0 _9355
_aAbastecimiento de agua
710 1 _aServicio Nacional de Capacitación para la Industria de la Construcción.
_bEscuela Superior Técnica
_91065
910 _bhfp
_chfp
942 _cMON
999 _c4415
_d4415